LIBRARY & INFORMATION CENTRE, KCAET, TAVANUR

ONLINE PUBLIC ACCESS CATALOGUE (OPAC)

Bhasan / (Record no. 12349)

MARC details
000 -LEADER
fixed length control field 00359cam a2200145ua 4500
041 ## - LANGUAGE CODE
Language code of text/sound track or separate title mal
082 ## - DEWEY DECIMAL CLASSIFICATION NUMBER
Classification number 894.81209
Item number AYY/BH
100 ## - MAIN ENTRY--AUTHOR NAME
Personal name Ayyar, .
245 ## - TITLE STATEMENT
Title Bhasan /
260 ## - PUBLICATION, DISTRIBUTION, ETC. (IMPRINT)
Place of publication Thiruvananthapuram :
Name of publisher B V Book Depot & Printing Works ,
Year of publication 1953.
300 ## - PHYSICAL DESCRIPTION
Number of Pages 707 ; .
942 ## - ADDED ENTRY ELEMENTS (KOHA)
Koha item type Books
Holdings
Withdrawn status Lost status Damaged status Home library Current library Date acquired Full call number Accession Number Koha item type
Withdrawn     KAUAET KAUAET 14/11/2023 894.81209 AYY/BH 9350 Books
Withdrawn     KAUAET Malayalam University 07/04/2012 894.81209 9351 Books
free website counter